000 00591naa a2200157Ia 4500
003 ES-SlBCS
005 20210601151651.0
008 140520s1964 xxu||||| |||| 00| 0 spa d
041 _aspa
100 1 _aMusgrave, Richard A.
_9336619
245 0 0 _aLa incidencia de la estructura impositiva y sus efectos sobre el consumo
_cRichard A. Musgrave
500 _aTít. orig.: Readings in Current Economics
650 4 _aConsumo-Impuestos
_9336620
773 0 _tTemas económicos modernos / Morton C. Grossman, R. Pimentel Rogerio
_dMéxico : UTEHA, 1964
_g, págs. 200-213
_wVA30761
942 _cAC
999 _c761892
_d761892